000 00427nam a2200157Ia 4500
008 090124s9999 xx 000 0 und d
082 _b305609
245 _a स्मृतिगंध
250 _a1
260 _bआमोद - संकलन
_c2006
300 _a116
630 _a स्मृतिगंध
700 _aआमोद - संकलन
730 _a स्मृतिगंध
942 _cBOOK
999 _c195603
_d195603